000 00262nmm a2200085Ia 4500
008 220120s9999||||xx |||||||||||||||||und||
100 _aDigit
245 0 _avideo editing and encoding tools, mobile application develop
260 _aNine dot nine interactive ltd.
_c2012
999 _c139739
_d139739